000 00435nam a22001697a 4500
003 MPLRDC
005 20220104114505.0
008 210129b ||||| |||| 00| 0 eng d
082 _a857.2 ZGCT v.3
100 _a褚斌杰编文
245 _a黄帝的故事
_c张培成绘图
250 _a第一版
260 _a
_b上海书局有限公司
_c1985
300 _b
650 _a小说--笔记; 异闻
942 _cBK
_o857.2 ZGCT v.3
999 _c7877
_d7867